Quizzes
Events
Quiz Creation
Community
Videos
Private Events
Remove Ads
Sign In
Join for FREE
Feedback
Dark Mode
Quiz Categories
Sports
Geography
Music
Movies
Television
Just For Fun
Miscellaneous
History
Literature
Language
Science
Gaming
Entertainment
Religion
Holiday
For Kids
Quiz Lab
Recent
Popular Today
Quiz Kudos Today
Editor Picks
Curator Picks
Quizzes by...
Day
Popularity
Type
Ratings
Length
Year
Community
Subscriptions
Recent Discussions
Orange Saloon
Badges
Playlists
Quests
Create
Leaderboards
Showdown
Live 5
Trivia Bingo
Activity
Puzzle Library
Sporcle Events
Private Events
Virtual Trivia
Globe League
Become a Host
Pub Owners
SporcleCon
Opinionation
Our Games
Videos
Blog
Mobile Apps
Partnerships
Remove Ads and Go Orange
Feedback
Geography
Country
Landmarks
City
State
Population
World
Capital
Continent
Flags
Europe
Africa
Asia
South America
North America
Oceania
Border
Canada
United Kingdom
Topography
United States
Geography
Country
Landmarks
City
State
Population
World
Capital
Continent
Flags
Europe
Africa
Asia
South America
North America
Oceania
Border
Canada
United Kingdom
Topography
United States
Random Quiz
Search Sporcle
×
Quiz Lab
Quiz Lab
Geography
City
Type in answers that appear in a list
Type in answers that appear in a list
Classic
Best Score? Go Orange.
City Quiz: CALGARY Stats
Can you name the following facts about the City of Calgary?
By
Pengwn
12m
50 Questions
366 Plays
366 Plays
366 Plays
Comments
Comments
Give Quiz Kudos
Give Quiz Kudos
-
- Ratings
hide this ad
More Info
Replay
Link that replays current quiz
Next Quiz
Link to next quiz in quiz playlist
You Got
0%
They Got
Avg Score
60%
Avg Friend Score
Upgrade to see
Score Distribution
Jump to the score distribution portion of the page
Score
0/50
Timer
12:00
0
Plays Today
Clue
Answer
% Correct
Country
Canada
99.7%
Province
Alberta
98.6%
NHL Team
Flames
92.1%
Annual Fair, Rodeo, and celebration of Western life
Calgary Exhibition & Stampede
91.3%
All Postal Codes begin with this letter
T
90.2%
Winter Olympics host during this year
1988
86.3%
Iconic structure, popular for its observation deck and revolving restaurant
Calgary Tower
86.1%
Primary River
Bow
85.2%
Nearest National Park
Banff National Park
85.2%
CFL Team
Stampeders
85%
Time Zone
Mountain
85%
Home of the above three teams
Scotiabank Saddledome
82.5%
Warm westerly wind
Chinook
80.1%
Original Telephone Area Code
403
79.8%
Tabloid daily newspaper
Calgary Sun
79.8%
Broadsheet daily newspaper
Calgary Herald
78.1%
Airport Code
YYC
77.6%
Airline with Calgary Headquarters
WestJet
76.5%
Secondary River
Elbow
76%
Light Rail Transit system
C-Train
74.3%
22nd Prime Minister, representing Calgary Southwest
Stephen Harper
73.5%
Home of the above
McMahon Stadium
71.9%
WHL Team
Hitmen
71.3%
Current Mayor
Naheed Nenshi
70.2%
2005 movie starring Heath Ledger and Jake Gyllenhaal
Brokeback Mountain
69.4%
Clue
Answer
% Correct
Rock band from nearby Hanna, singer Chad Kroeger
Nickelback
68.9%
The major North-
South freeway (Highway 2)
Deerfoot Trail
66.7%
16th Avenue North is also known as this
Trans-Canada Highway
63.7%
NLL Team
Roughnecks
62%
Largest Park (provincial)
Fish Creek Provincial Park
57.4%
Movie series starring Christopher Reeve
Superman
57.1%
World-
renowned Equestrian centre
Spruce Meadows
54.1%
Overlay Telephone Area Code
587
49.7%
These race in the Rangeland Derby
Chuckwagons
47.8%
Railway with Calgary HQ
Canadian Pacific Railway
44.8%
Premier hotel and first 'skyscraper'
Fairmont Palliser
38.3%
Don't be 'Insensitive' to this Calgary-
area singer
Jann Arden
37.7%
Canadian capital, and is a Sister City
Québec City, QC
36.6%
Calgary-
born footballer, played midfield for Manchester United
Owen Hargreaves
23.8%
Calgary native who created the 'Spawn' series of comics
Todd McFarlane
23.5%
1992 Best Picture winner, filmed in southern Alberta
Unforgiven
22.4%
Renamed 'Fort Calgary' in 1876 by
Col. James MacLeod
22.4%
American capital, and is a Sister City
Phoenix, AZ
18%
Motto
Onward
15%
Calgary-
born swimmer, won Gold at Barcelona in 1992
Mark Tewksbury
14.8%
Overlay Telephone Area Code
825
14.5%
11th Prime Minister, representing Calgary West
Richard B. Bennett
12.6%
Name of Fort when founded in 1875
Fort Brisebois
11.5%
Calgary-
born computer scientist, known as 'The Father of Java'
James Gosling
5.2%
Calgary-
born diplomat, subject of 'Argo'
Ken Taylor
3.8%
Quiz Playlist
Details
Report
Send in Message
Add To Playlist
More Info:
More or less copied from rockgolf's "City Quiz: TORONTO"
Classic:
Type in answers that appear in a list
Last Updated: Feb 16, 2017
Quiz Scoreboard
CHALLENGE
Sign Up to Join the Scoreboard
Show All
Scores
Hide
Comments
May contain spoilers
Recently Published
Presidents Visiting Landmarks
by Hejman
History
7m
An Introduction to Baseball
by treessimontrees
Sports
5m
Movies - When Are They Set?
by FPL_Elf
Movies
5m
More to Explore
Quiz From the Vault
Featured Blog Post
Where Did the Easter Bunny Come From?
hide this ad
You Might Also Like...
Tags
City Quiz
Calgary
Extra
Today's Top Quizzes in Geography
Browse Geography
hide this ad
Today's Top Quizzes in City
Browse City
Top Contributed Quizzes in Geography
1
Countries of the World - No Outlines Minefield
2
Top 25 Cities of France on a map
3
Any capital of a 'B' country per Continent
4
Closest Countries to UK A-Z
5
Any capital of a 'C' country per Continent
6
One Thing in Common: United Kingdom
7
Any capital of a 'D' country per Continent
8
Find the Provinces of Canada - No Outlines Minefield
9
5-to-1: US Geography No Hints
10
Any capital of an 'E' country per Continent
Explore More
Trending Topics
Anime
Crossword
Marvel
NBA
Kpop
Harry Potter
Disney
WWE
Soccer
Pokémon
NFL
Song
Country
The Office
Puzzle
hide this ad
More By:
Pengwn
Quiz
Plays
Rating
Category
Featured
Created
60 Second Blitz: Element Symbols
167,887
3.57
Science
Feb 13, 2010
Characters in Narnia book 1
2,619
4.67
Literature
Oct 12, 2010
Presidents by Animaniacs description
775
4.27
Entertainment
Nov 12, 2010
Neighbors of South Sudan Minefield
748
4.00
Geography
Jul 9, 2011
Final Fantasy I Enemies
633
4.67
Gaming
Jul 17, 2010
Go to Creator's Profile
Score Distribution
Quiz Creator Spotlight
Pengwn
Follow
Send a Message
Quizzes Created
-
Created Quiz Play Count
-
More By This Creator
Popular Quizzes Today
1
Find the US States - No Outlines Minefield
2
Find the Countries of Europe - No Outlines Minefield
3
The Countries of the World
4
Find the US States
5
Popular People in 1961
6
US States
7
Risky Map Clicking: Biggest States A-Z
8
1-10 Letter E Words III
More Geography Quizzes
4 to 1 Blitz: Dominica
Quiz Lab
Trending Quizzes
Risky Map Clicking: Least Populous States A-Z
1-10 Letter G Words
1-10 Letter F Words
Risky Map Clicking: Next State Alphabetically
Risky Map Clicking: Biggest States A-Z
Recently Updated
Leaping Animals
pecheneg
Reality TV Shows (A-Z)
bhenderson79
Rickey Henderson's Hall of Fame Teammates
pecheneg
Champions League XIs: Arsenal
pecheneg
Quick Pick: Celebrities in WWE's Hall of Fame
aduchscher
A-Z Keypad Blitz II
pecheneg
Multiple Oscar Actors
pecheneg
Mystery Phrase Blitz: Oscar 'Best Actors'
pecheneg
F. Scott Fitzgerald Novels
LTH
Pick 3 Villains
ddd62291
Trending Topics
Marvel
Harry Potter
NBA
Anime
Kpop
Crossword
Disney
NFL
Pokémon
Country
The Office
Song
WWE
Puzzle
Soccer
Your Account Isn't Verified!
In order to create a playlist on Sporcle, you need to verify the email address you used during registration. Go to your
Sporcle Settings
to finish the process.
Report this User
Report this user for behavior that violates our
Community Guidelines
.
Details:
Send Report
Go to the Sporcle.com Mobile Site →
Comments